|
|
|
|
| LEADER |
00863nam a2200229 a 4500 |
| 001 |
3077243 |
| 008 |
090712s1995 enk 000 0 eng d |
| 010 |
|
|
|a 97133577
|
| 020 |
|
|
|a 9780140231427
|
| 040 |
|
|
|a DLC
|c DLC
|d DLC
|
| 082 |
0 |
0 |
|a 808.81
|2 20
|
| 100 |
1 |
|
|a Empson, William,
|d 1906-1984.
|
| 245 |
1 |
0 |
|a Seven types of ambiguity /
|c William Empson.
|
| 260 |
|
|
|a Harmondsworth, Middlesex :
|b Penguin Books in association with Chatto and Windus,
|c 1995.
|
| 300 |
|
|
|a xxiv, 296 p. ;
|c 20 cm.
|
| 490 |
1 |
|
|a Peregrine books ;
|v Y2
|
| 541 |
1 |
|
|e 00013961
|
| 650 |
|
0 |
|a Poetry.
|
| 650 |
|
0 |
|a English poetry
|x History and criticism.
|
| 852 |
4 |
|
|a Ayesha Abed Library
|j General Shelf.
|
| 999 |
|
|
|c 2386
|d 2386
|
| 952 |
|
|
|0 0
|1 0
|2 ddc
|4 0
|6 808_810000000000000_EMP
|7 0
|9 2206
|a BRACUL
|b BRACUL
|c GEN
|d 2009-07-14
|g 1100.00
|l 4
|m 14
|o 808.81 EMP
|p 3010013961
|r 2025-04-24
|s 2025-04-16
|t 1
|w 2009-07-14
|y BK
|